000 00404nam a22001697a 4500
003 OSt
005 20211110125505.0
008 211110b |||||||| |||| 00| 0 eng d
020 _a9780415385534
040 _cHU
082 _a306.44/YOU
100 _aRICHARD F. YOUNG
_917722
245 _aLANGUAGE AND INTERACTION
260 _aNEW YORK
_bROUTLEDGE
_c2007
300 _a330P
942 _2ddc
_cBOOKS
_n0
999 _c17510
_d17510